№ 5 (139); Проблемы сбора, подготовки и транспорта нефти и нефтепродуктов

Detaylı Bibliyografya
Parent link:Проблемы сбора, подготовки и транспорта нефти и нефтепродуктов: научно-технический журнал/ Уфимский государственный нефтяной технический университет. № 5 (139).— , 2009-2018, 2020-
Dil:Rusça
Baskı/Yayın Bilgisi: 2022
Online Erişim:https://www.elibrary.ru/contents.asp?id=49591944
Materyal Türü: MixedMaterials Elektronik Kitap
KOHA link:https://koha.lib.tpu.ru/cgi-bin/koha/opac-detail.pl?biblionumber=587857

MARC

LEADER 00000nam2a2200000 4500
001 587857
005 20231101131500.0
035 |a (RuTPU)RU\TPU\prd\290558 
035 |a RU\TPU\prd\290409 
090 |a 587857 
100 |a 20221116a19619999k y0rusy50 ca 
101 0 |a rus 
102 |a RU 
181 0 |a i  
182 0 |a b 
200 0 |a № 5 (139)  |b Электронный ресурс 
203 |a Текст  |c электронный 
210 |d 2022 
461 1 |0 (RuTPU)RU\TPU\prd\65380  |t Проблемы сбора, подготовки и транспорта нефти и нефтепродуктов  |o научно-технический журнал  |f Уфимский государственный нефтяной технический университет  |v № 5 (139)  |d 2009-2018, 2020- 
801 0 |a RU  |b 63413507  |c 20010227  |g PSBO 
801 1 |a RU  |b 63413507  |c 20170713 
801 2 |a RU  |b 63413507  |c 20221116  |g RCR 
856 4 0 |u https://www.elibrary.ru/contents.asp?id=49591944 
942 |c BK